COPTOLOGIA Historia Coptica

محفوظ في:

مؤلف مشترك: Journal of St. Mark's Foundation and St. Shenouda's Society for Coptic Historical Studies

التنسيق: كتاب

اللغة: Undetermined

منشور في: Cairo Coptologia 1999

سلاسل: ΓΥΠΤΟΛΟΓΙΑ

الوسوم: إضافة وسم

لا توجد وسوم, كن أول من يضع وسما على هذه التسجيلة!

رقم الطلب:

LEADER 00414nam a2200133Ia 4500
008 240503s9999||||xx |||||||||||||| ||und||
020 |a 0921604165 
245 1 0 |a COPTOLOGIA Historia Coptica 
264 1 |a Cairo  |b Coptologia  |c 1999 
300 |a Volumes  |c 20 
490 0 |a ΓΥΠΤΟΛΟΓΙΑ 
710 2 |a Journal of St. Mark's Foundation and St. Shenouda's Society for Coptic Historical Studies 
942 |2 lcc  |c BK 
999 |c 58311  |d 58311